[Event "Sabt Frankfurter TV 1860-Empor Berlin"]
[Site "Naumburg"]
[Date "2010.12.29"]
[Round "6.2"]
[White "Diyap, Murat"]
[Black "Kazman, Caner"]
[Result "1-0"]
[WhiteElo "1758"]
[BlackElo "1781"]
[PlyCount "119"]
[EventDate "2010.??.??"]
[WhiteTeam "Sabt Frankfurter TV 1860"]
[BlackTeam "Empor Berlin"]

1. e4 e6 2. d4 d5 3. e5 c5 4. dxc5 Bxc5 5. Bd3 Nc6 6. Nf3 f6 7. exf6 Nxf6 8.
O-O Bd7 9. c4 d4 10. a3 Bd6 11. Re1 Qc7 12. Nbd2 O-O-O 13. Ne4 Nxe4 14. Bxe4 h6
15. b4 Ne5 16. Qxd4 Bc6 17. Qc3 Bxe4 18. Rxe4 Nxf3+ 19. Qxf3 Bxh2+ 20. Kh1 Be5
21. Bf4 Bxf4 22. Qxf4 Qxf4 23. Rxf4 Rhf8 24. Rxf8 Rxf8 25. Kg1 Kd7 26. f3 Rf4
27. Rc1 Rd4 28. Rc3 Rd2 29. Kh2 Kd6 30. Kg3 Rd4 31. f4 Rd2 32. Kf3 g6 33. g3 h5
34. Ke4 Re2+ 35. Re3 Rg2 36. Rd3+ Ke7 37. c5 Rb2 38. Rc3 Re2+ 39. Kd4 Rd2+ 40.
Kc4 Kf6 41. b5 e5 42. fxe5+ Kxe5 43. Re3+ Kf6 44. c6 bxc6 45. bxc6 Rc2+ 46. Kd5
a5 47. Kd6 Rd2+ 48. Kc7 a4 49. Kc8 g5 50. Rc3 h4 51. gxh4 gxh4 52. Kb7 Rb2+ 53.
Ka7 h3 54. c7 h2 55. Rc1 Rc2 56. Rxc2 h1=Q 57. c8=Q Qg1+ 58. Rc5 Qe3 59. Qc6+
Kf7 60. Qb6 1-0

[Event "Sabt Frankfurter TV 1860-Empor Berlin"]
[Site "Naumburg"]
[Date "2010.12.29"]
[Round "6.3"]
[White "Lachmann, Daniel"]
[Black "Keller, Peter"]
[Result "0-1"]
[WhiteElo "1670"]
[BlackElo "1749"]
[PlyCount "56"]
[EventDate "2010.??.??"]
[WhiteTeam "Empor Berlin"]
[BlackTeam "Sabt Frankfurter TV 1860"]

1. Nf3 Nf6 2. g3 d5 3. Bg2 Nbd7 4. O-O e5 5. d3 Bd6 6. Nbd2 e4 7. Nd4 Bc5 8.
N2b3 Bb6 9. c4 c6 10. cxd5 cxd5 11. Nb5 O-O 12. Nc3 Qe7 13. h3 e3 14. Bxe3 Bxe3
15. fxe3 Qxe3+ 16. Kh2 Ne5 17. Rxf6 gxf6 18. Nxd5 Qh6 19. Ne7+ Kg7 20. Nxc8
Raxc8 21. e4 Rfd8 22. d4 Nc4 23. Rc1 Ne3 24. Rxc8 Rxc8 25. Qd3 Rc2 26. Qxc2
Nxc2 27. d5 Qe3 28. h4 Qf2 0-1

[Event "Karlsruher SF-SF Köln-Mülheim"]
[Site "Naumburg"]
[Date "2010.12.29"]
[Round "6.3"]
[White "Eigemann, Julian"]
[Black "Bykov, Ilya"]
[Result "1-0"]
[WhiteElo "1908"]
[BlackElo "1478"]
[PlyCount "49"]
[EventDate "2010.??.??"]
[WhiteTeam "SF Köln-Mülheim"]
[BlackTeam "Karlsruher SF"]

1. e4 Nf6 2. d3 g6 3. Nf3 d6 4. g3 Bg7 5. Bg2 O-O 6. O-O Nc6 7. Nbd2 Bd7 8. c3
Rb8 9. Nh4 e6 10. f4 Qc8 11. g4 Ne7 12. Nc4 d5 13. Ne3 dxe4 14. dxe4 Rd8 15.
Qe2 Bc6 16. Nc2 Bd7 17. g5 Ne8 18. Ne3 f6 19. Ng4 e5 20. Bh3 Kh8 21. fxe5 fxe5
22. Rf7 Nc6 23. Qf3 Kg8 24. Be3 b6 25. Rf1 1-0

[Event "SC 1911 Großröhrsdorf-SK Gernsheim"]
[Site "Naumburg"]
[Date "2010.12.29"]
[Round "6.1"]
[White "Di Capua, Francesco Stefano"]
[Black "Möhn, Hans"]
[Result "0-1"]
[WhiteElo "1743"]
[BlackElo "1994"]
[PlyCount "178"]
[EventDate "2010.??.??"]
[WhiteTeam "SK Gernsheim"]
[BlackTeam "SC 1911 Großröhrsdorf"]

1. e4 c5 2. Nf3 Nc6 3. d4 cxd4 4. Nxd4 g6 5. Nc3 Bg7 6. Be3 Nf6 7. Bc4 O-O 8.
Bb3 d6 9. f3 Bd7 10. Qd2 Rc8 11. O-O-O Ne5 12. Bh6 Bxh6 13. Qxh6 Rxc3 14. bxc3
a5 15. a4 Qc7 16. Qd2 Qc5 17. Kb1 Rc8 18. Rhe1 b5 19. Nxb5 Bxb5 20. axb5 Qxb5
21. Ka1 Qc5 22. c4 Qa3+ 23. Kb1 a4 24. Qa5 Rb8 25. Qa7 Qb4 26. Re3 Qb6 27. Qxb6
Rxb6 28. Ka2 axb3+ 29. cxb3 Nc6 30. f4 e5 31. fxe5 dxe5 32. Rb1 Ng4 33. Rh3 h5
34. Kb2 Kf8 35. Kc3 Ke7 36. b4 Nd4 37. c5 Rb7 38. Kc4 Nf2 39. Ra3 Nxe4 40. Rb2
Rc7 41. Kd5 Nf6+ 42. Kc4 Nd7 43. Ra6 h4 44. Rba2 g5 45. Ra7 Rc8 46. R2a6 Nc6
47. Ra8 Nxb4 48. Kxb4 Rxc5 49. R8a7 Rd5 50. Ra5 Rxa5 51. Rxa5 Ke6 52. Kc3 Nf8
53. Kd3 Kf5 54. Ke3 Ne6 55. Ra7 f6 56. Ra6 Nf4 57. Kf2 Nd3+ 58. Ke3 Nb4 59. Ra4
Nc2+ 60. Kf2 g4 61. Ra6 Nb4 62. Rd6 Nc2 63. Rc6 Nd4 64. Rb6 Kg5 65. Rb8 Kf4 66.
g3+ hxg3+ 67. hxg3+ Ke4 68. Rf8 f5 69. Rg8 Kd3 70. Ra8 e4 71. Ra3+ Kd2 72. Re3
Nc2 73. Re2+ Kd3 74. Kf1 Nd4 75. Ra2 Nc2 76. Ra8 Ke3 77. Rf8 Kd2 78. Rd8+ Ke3
79. Rf8 Nd4 80. Rd8 Ne2 81. Kg2 Nd4 82. Kf1 Kd3 83. Ra8 e3 84. Rd8 Ke4 85. Kg2
Kd3 86. Kf1 e2+ 87. Kf2 f4 88. Rxd4+ Kxd4 89. gxf4 Kd3 0-1

[Event "SC 1911 Großröhrsdorf-SK Gernsheim"]
[Site "Naumburg"]
[Date "2010.12.29"]
[Round "6.3"]
[White "Müller, Markus"]
[Black "Plaettner, Stefan"]
[Result "0-1"]
[WhiteElo "1556"]
[BlackElo "1743"]
[PlyCount "68"]
[EventDate "2010.??.??"]
[WhiteTeam "SK Gernsheim"]
[BlackTeam "SC 1911 Großröhrsdorf"]

1. d4 d6 2. c4 e5 3. dxe5 dxe5 4. Qxd8+ Kxd8 5. Nf3 f6 6. Nc3 c6 7. Be3 Be6 8.
Nd2 Nd7 9. g3 Kc7 10. Bg2 Ne7 11. Rc1 Kd8 12. O-O Nf5 13. Nd1 Nxe3 14. Nxe3 Bc5
15. Nc2 a5 16. Rfd1 Kc7 17. Ne1 Rhd8 18. Nd3 Be7 19. Kf1 Nc5 20. Nxc5 Bxc5 21.
Nb3 Rxd1+ 22. Rxd1 Bb4 23. Rc1 Rd8 24. Be4 f5 25. Bc2 a4 26. Na1 a3 27. b3 Bc3
28. g4 g6 29. gxf5 gxf5 30. e4 f4 31. Bd1 Bh3+ 32. Kg1 Rg8+ 33. Kh1 Bb2 34. Rb1
Bg2+ 0-1

[Event "SC 1911 Großröhrsdorf-SK Gernsheim"]
[Site "Naumburg"]
[Date "2010.12.29"]
[Round "6.4"]
[White "Schneider, Carsten"]
[Black "Hofmann, Christoph"]
[Result "0-1"]
[WhiteElo "1512"]
[BlackElo "1640"]
[PlyCount "86"]
[EventDate "2010.??.??"]
[WhiteTeam "SC 1911 Großröhrsdorf"]
[BlackTeam "SK Gernsheim"]

1. d4 d5 2. c4 dxc4 3. e3 Nf6 4. Nc3 e6 5. Bxc4 c5 6. Nf3 a6 7. a4 Nc6 8. O-O
Be7 9. dxc5 Bxc5 10. Qxd8+ Kxd8 11. Rd1+ Ke7 12. b3 Na5 13. Rb1 Nxc4 14. bxc4
b6 15. Ne5 Bb7 16. a5 Be4 17. Nxe4 Nxe4 18. Bb2 f6 19. Nc6+ Kf7 20. axb6 Bxb6
21. Rd7+ Kg6 22. Bd4 Bxd4 23. exd4 Kh6 24. Rbb7 Rhc8 25. Na5 Rd8 26. c5 Rxd7
27. Rxd7 Rb8 28. Rb7 Rxb7 29. Nxb7 Nc3 30. Na5 Nb5 31. c6 Kg5 32. Kf1 Kf4 33.
Ke2 Ke4 34. Nb3 Kd5 35. Kd3 Kxc6 36. Nc5 Nc7 37. Kc4 g6 38. f4 h5 39. h4 Kd6
40. Ne4+ Ke7 41. Nc5 Nd5 42. Nxa6 Nxf4 43. g3 Ne2 0-1

[Event "SSC Rostock-Hamburger SK"]
[Site "Naumburg"]
[Date "2010.12.29"]
[Round "6.1"]
[White "Hinrichs, Jan"]
[Black "Weber, Max"]
[Result "1/2-1/2"]
[WhiteElo "1885"]
[BlackElo "1970"]
[PlyCount "69"]
[EventDate "2010.??.??"]
[WhiteTeam "Hamburger SK"]
[BlackTeam "SSC Rostock"]

1. d4 Nf6 2. c4 g6 3. g3 d5 4. Bg2 Bg7 5. cxd5 Nxd5 6. e4 Nb6 7. Ne2 c5 8. d5
O-O 9. O-O e6 10. Nbc3 exd5 11. exd5 Bf5 12. b3 Na6 13. Be3 Rc8 14. a3 Qd7 15.
Re1 c4 16. b4 Rfd8 17. Rc1 Nc7 18. d6 Ne8 19. Bxb6 axb6 20. Nf4 Bxc3 21. Rxc3
Nf6 22. Nd5 Nxd5 23. Qxd5 Qxd6 24. Qxd6 Rxd6 25. Bxb7 Rc7 26. Ba6 Be6 27. Rec1
Ra7 28. Bxc4 Bxc4 29. Rxc4 Rxa3 30. Rc6 Rad3 31. Kg2 Kg7 32. R1c4 h5 33. b5
R6d5 34. Rxb6 Rb3 35. h4 1/2-1/2

[Event "SSC Rostock-Hamburger SK"]
[Site "Naumburg"]
[Date "2010.12.29"]
[Round "6.3"]
[White "Gröning, Finn Jonathan"]
[Black "Pererva, Viktor"]
[Result "0-1"]
[WhiteElo "1687"]
[BlackElo "1808"]
[PlyCount "46"]
[EventDate "2010.??.??"]
[WhiteTeam "Hamburger SK"]
[BlackTeam "SSC Rostock"]

1. e4 e5 2. Nf3 Nc6 3. Bb5 a6 4. Bxc6 dxc6 5. O-O f6 6. d4 exd4 7. Nxd4 Bd6 8.
Nc3 Ne7 9. f4 c5 10. Nb3 c4 11. Na5 b5 12. Kh1 Bb4 13. Qxd8+ Kxd8 14. Rd1+ Ke8
15. Nc6 Nxc6 16. Nd5 Bd6 17. e5 fxe5 18. fxe5 Nxe5 19. Bf4 Kf7 20. Rf1 Ke6 21.
Bxe5 Kxd5 22. Bxg7 Rg8 23. Rad1+ Kc6 0-1

[Event "SK Ettlingen-Erfurter Schachklub"]
[Site "Naumburg"]
[Date "2010.12.29"]
[Round "6.3"]
[White "Meichsner, Marwin"]
[Black "Weber, Clemens"]
[Result "1/2-1/2"]
[WhiteElo "1349"]
[BlackElo "1504"]
[PlyCount "69"]
[EventDate "2010.??.??"]
[WhiteTeam "Erfurter Schachklub"]
[BlackTeam "SK Ettlingen"]

1. d4 d5 2. c4 e6 3. Nc3 c6 4. cxd5 cxd5 5. Nf3 Nc6 6. e3 Nf6 7. Bd2 Bd7 8. Bd3
a6 9. O-O Bd6 10. a3 e5 11. dxe5 Nxe5 12. Nxe5 Bxe5 13. Qb3 Bc6 14. Rac1 O-O
15. Rc2 d4 16. exd4 Bxd4 17. Bg5 h6 18. Bh4 Qc7 19. Ne4 Nh7 20. Bg3 Qb6 21.
Qxb6 Bxb6 22. Nc3 Nf6 23. Rfc1 Rfe8 24. b4 Ne4 25. Nxe4 Bxe4 26. Bxe4 Rxe4 27.
Rc8+ Rxc8 28. Rxc8+ Kh7 29. h3 Re1+ 30. Kh2 Rf1 31. Rb8 Bxf2 32. Bxf2 Rxf2 33.
Rxb7 Ra2 34. Rxf7 Rxa3 35. Ra7 1/2-1/2

[Event "Stader SV-SK Bebenhausen"]
[Site "Naumburg"]
[Date "2010.12.29"]
[Round "6.1"]
[White "Zimmermann, Ulrich"]
[Black "Bauschmann, Christoph"]
[Result "1-0"]
[WhiteElo "2030"]
[BlackElo "1910"]
[PlyCount "160"]
[EventDate "2010.??.??"]
[WhiteTeam "SK Bebenhausen"]
[BlackTeam "Stader SV"]

1. d4 d5 2. c4 e6 3. Nc3 Nf6 4. cxd5 exd5 5. Bg5 Nbd7 6. e3 Bb4 7. Bd3 c5 8.
Nge2 cxd4 9. exd4 O-O 10. O-O Nb6 11. Nf4 Be7 12. Bc2 Nc4 13. Bxf6 Bxf6 14.
Ncxd5 Nxb2 15. Qd2 Bg5 16. Bb3 Qd6 17. g3 Qa3 18. Rab1 Bxf4 19. Nxf4 Na4 20.
Qa5 b5 21. Qxb5 Nb6 22. Nh5 Qd6 23. Qc5 Qxc5 24. dxc5 Nd7 25. Bd5 Rb8 26. Rxb8
Nxb8 27. c6 Be6 28. Bg2 Rc8 29. Rc1 Bd7 30. Nf4 Nxc6 31. Nd5 Kf8 32. Bf3 Nd4
33. Rxc8+ Bxc8 34. Bg2 Be6 35. f4 Bf5 36. Kf2 Ke8 37. Ke3 Nb5 38. a4 Nd6 39.
Kd4 Kd7 40. Ne3 Be6 41. Bd5 Bxd5 42. Kxd5 Ne8 43. Kc5 Nc7 44. f5 Na6+ 45. Kb5
Nc7+ 46. Kc5 Na6+ 47. Kd5 Nc7+ 48. Kd4 Kc6 49. Nc4 f6 50. Na5+ Kb6 51. Nc4+ Kc6
52. g4 Na8 53. h4 Nc7 54. Na5+ Kb6 55. Nc4+ Kc6 56. g5 Ne8 57. Na5+ Kb6 58.
Nc4+ Kc6 59. g6 h6 60. Na5+ Kb6 61. Nc4+ Kc6 62. Na5+ Kb6 63. Kd5 Kxa5 64. Ke6
Kxa4 65. Ke7 Kb4 66. Kxe8 a5 67. Kf7 a4 68. Kxg7 a3 69. Kxh6 a2 70. g7 a1=Q 71.
g8=Q Qe5 72. Qf8+ Kb5 73. Kg6 Qg3+ 74. Kxf6 Qxh4+ 75. Kf7 Qc4+ 76. Kf6 Qh4+ 77.
Ke5 Qg3+ 78. Ke6 Qe3+ 79. Kf7 Qb3+ 80. Ke8 Qe6+ 1-0

[Event "Stader SV-SK Bebenhausen"]
[Site "Naumburg"]
[Date "2010.12.29"]
[Round "6.2"]
[White "Konow, Philipp"]
[Black "Braun, Georg"]
[Result "1-0"]
[WhiteElo "1946"]
[BlackElo "2140"]
[PlyCount "127"]
[EventDate "2010.??.??"]
[WhiteTeam "Stader SV"]
[BlackTeam "SK Bebenhausen"]

1. d4 Nf6 2. c4 c5 3. d5 b5 4. Qc2 bxc4 5. e4 g6 6. Nc3 d6 7. Nf3 Bg7 8. Nd2
O-O 9. Nxc4 Nbd7 10. Be2 Nb6 11. O-O Nxc4 12. Bxc4 Qb6 13. h3 Ba6 14. Bxa6 Qxa6
15. Rb1 Rab8 16. b3 Rfc8 17. Be3 Rb4 18. Rfc1 Nd7 19. Nd1 Ne5 20. Bd2 Rbb8 21.
f4 Nd7 22. Ne3 Bd4 23. Kh2 Nb6 24. f5 Nd7 25. fxg6 hxg6 26. Nc4 Ne5 27. Bg5
Nxc4 28. bxc4 Be5+ 29. Kg1 Qa3 30. Rb3 Rxb3 31. axb3 f6 32. Bd2 Qb2 33. Qxb2
Bxb2 34. Rb1 Bd4+ 35. Kf1 Rb8 36. Ba5 Kf7 37. Ke2 Rb7 38. Kd3 e5 39. g4 g5 40.
Kc2 Ke8 41. Rf1 Rf7 42. Kb1 Be3 43. Ka2 Bf4 44. Ka3 Kd7 45. Ka4 Kc8 46. Rf3 Rb7
47. Rd3 Kd7 48. Rf3 Kc8 49. b4 cxb4 50. Bxb4 Rc7 51. Kb3 Kd7 52. Ba3 Rc8 53.
Kb4 Bd2+ 54. Kb3 Bf4 55. Rc3 Bd2 56. Rc2 Be3 57. Ka4 Bd4 58. Bb4 Rh8 59. Rh2
Rc8 60. Kb3 Rb8 61. Ka4 Rc8 62. h4 Rxc4 63. Kb5 Rc8 64. hxg5 1-0

[Event "Stader SV-SK Bebenhausen"]
[Site "Naumburg"]
[Date "2010.12.29"]
[Round "6.4"]
[White "Vogt, Marc Jonas"]
[Black "Xu, Xianliang"]
[Result "0-1"]
[WhiteElo "1791"]
[BlackElo "1963"]
[PlyCount "56"]
[EventDate "2010.??.??"]
[WhiteTeam "Stader SV"]
[BlackTeam "SK Bebenhausen"]

1. Nc3 d5 2. e4 dxe4 3. Nxe4 Bf5 4. Ng3 Bg6 5. Nf3 e6 6. d4 Nd7 7. Bc4 Ngf6 8.
Bg5 Bd6 9. Qe2 h6 10. Bxf6 Qxf6 11. d5 Bb4+ 12. Nd2 O-O-O 13. c3 exd5 14. O-O
Rhe8 15. Qg4 h5 16. Nxh5 Bxh5 17. Qxh5 Bd6 18. Qxd5 Bxh2+ 19. Kxh2 Rh8+ 20. Kg1
Ne5 21. Qe4 Rxd2 22. Bb3 Qh6 23. Qf5+ Kb8 24. Qh3 Nf3+ 25. Kh1 Rd6 26. Bd1
Qxh3+ 27. gxh3 Rg6 28. Bxf3 Rxh3# 0-1

[Event "Sabt Frankfurter TV 1860-Empor Berlin"]
[Site "Naumburg"]
[Date "2010.12.29"]
[Round "6.4"]
[White "Abrahamyan, Arsen"]
[Black "Alcer, Fabian"]
[Result "1/2-1/2"]
[WhiteElo "1685"]
[BlackElo "1625"]
[PlyCount "103"]
[EventDate "2010.??.??"]
[WhiteTeam "Sabt Frankfurter TV 1860"]
[BlackTeam "Empor Berlin"]

1. e4 e5 2. Nf3 Nc6 3. d4 exd4 4. Nxd4 Bb4+ 5. c3 Bc5 6. Be3 Bb6 7. Bc4 Nf6 8.
Nxc6 bxc6 9. Bxb6 cxb6 10. e5 Ne4 11. O-O O-O 12. Bd3 Nc5 13. Bc2 Re8 14. b4
Nb7 15. Re1 d6 16. exd6 Rxe1+ 17. Qxe1 Nxd6 18. Nd2 Bf5 19. Bxf5 Nxf5 20. Nf3
Qe8 21. Qd1 Rd8 22. Qa4 Ra8 23. Re1 Ne7 24. Nd4 Qd7 25. Rd1 Rd8 26. Re1 g6 27.
Qc2 Nf5 28. Nxf5 Qxf5 29. Qxf5 gxf5 30. Kf1 Rd2 31. Re8+ Kg7 32. Rc8 Rxa2 33.
Rxc6 Rc2 34. g3 f6 35. Rc7+ Kg6 36. Rxa7 Rxc3 37. Rb7 Rc6 38. Kg2 h6 39. b5 Rd6
40. Kh3 Kh5 41. Rg7 Rd3 42. Rb7 Rd6 43. Kg2 Re6 44. Kf3 Kg6 45. h3 h5 46. Kf4
Re4+ 47. Kf3 Re6 48. Rb8 Kh6 49. Rh8+ Kg6 50. Rb8 Kh6 51. Kf4 Kg6 52. Kf3
1/2-1/2

[Event "Karlsruher SF-SF Köln-Mülheim"]
[Site "Naumburg"]
[Date "2010.12.29"]
[Round "6.1"]
[White "Pauly, Carlo"]
[Black "Cofman, Veaceslav"]
[Result "1/2-1/2"]
[WhiteElo "2029"]
[BlackElo "2026"]
[PlyCount "41"]
[EventDate "2010.??.??"]
[WhiteTeam "SF Köln-Mülheim"]
[BlackTeam "Karlsruher SF"]

1. c4 e5 2. g3 Nf6 3. Bg2 d5 4. cxd5 Nxd5 5. Nc3 Be6 6. Nf3 Nc6 7. d4 Bb4 8.
O-O Bxc3 9. bxc3 Nxc3 10. Qc2 exd4 11. Ba3 Qf6 12. e3 Nb5 13. Nxd4 Ncxd4 14.
exd4 Nxa3 15. Qa4+ c6 16. Bxc6+ bxc6 17. Qxc6+ Ke7 18. Qb7+ Kd6 19. Qb4+ Kd7
20. Qb7+ Kd6 21. Qb4+ 1/2-1/2

[Event "Karlsruher SF-SF Köln-Mülheim"]
[Site "Naumburg"]
[Date "2010.12.29"]
[Round "6.2"]
[White "Wiesner, Paula"]
[Black "Eigemann, Frederik"]
[Result "0-1"]
[WhiteElo "1710"]
[BlackElo "1998"]
[PlyCount "104"]
[EventDate "2010.??.??"]
[WhiteTeam "Karlsruher SF"]
[BlackTeam "SF Köln-Mülheim"]

1. e4 e6 2. d4 d5 3. Nd2 c5 4. Ngf3 Nc6 5. exd5 exd5 6. dxc5 Bxc5 7. Nb3 Bd6 8.
Be2 Nge7 9. O-O O-O 10. Nbd4 a6 11. c3 Bg4 12. Be3 Qd7 13. Qd2 Rad8 14. Nh4 f5
15. h3 Bxe2 16. Nxe2 Ne5 17. Bf4 Nc4 18. Qc1 Bxf4 19. Qxf4 Nxb2 20. Nd4 b5 21.
Rab1 Nc4 22. Rfe1 Rde8 23. Re2 Ng6 24. Nxg6 hxg6 25. Rbe1 Re4 26. Rxe4 dxe4 27.
h4 Qd6 28. Qxd6 Nxd6 29. g3 Rc8 30. Ne2 Kf7 31. Rd1 Rc6 32. Rd5 Nc8 33. Kg2 Nb6
34. Rd1 Ke7 35. Kh3 Rd6 36. Rxd6 Kxd6 37. g4 Ke5 38. Kg3 Nd5 39. gxf5 gxf5 40.
f4+ Kd6 41. Kf2 g6 42. Ke1 Kc5 43. Kd2 Kc4 44. Kc2 Ne3+ 45. Kd2 Ng2 46. Kc2
Nxh4 47. Nd4 Ng2 48. Ne2 e3 49. a3 a5 50. Kc1 Kd3 51. Kd1 a4 52. Nc1+ Kxc3 0-1

[Event "Karlsruher SF-SF Köln-Mülheim"]
[Site "Naumburg"]
[Date "2010.12.29"]
[Round "6.4"]
[White "Baum, Felix"]
[Black "Rahmen, Christian"]
[Result "1-0"]
[WhiteElo "1414"]
[BlackElo "1507"]
[PlyCount "51"]
[EventDate "2010.??.??"]
[WhiteTeam "Karlsruher SF"]
[BlackTeam "SF Köln-Mülheim"]

1. b3 e5 2. Bb2 d6 3. g3 f5 4. Bg2 Nf6 5. c4 g6 6. Nc3 Bg7 7. e3 e4 8. d4 Nc6
9. Ba3 Bd7 10. Nge2 O-O 11. Nf4 Na5 12. Qc2 c6 13. Bf1 b6 14. b4 Nb7 15. Qb3
Qe7 16. O-O-O Rfe8 17. Kb1 Kh8 18. h4 b5 19. cxb5 cxb5 20. Bxb5 Bxb5 21. Nxb5
Qd7 22. Nc3 a5 23. h5 g5 24. Ng6+ hxg6 25. hxg6+ Nh7 26. Rxh7# 1-0

[Event "SF 1974 Heinsberg-FC Ergolding"]
[Site "Naumburg"]
[Date "2010.12.29"]
[Round "6.1"]
[White "Schindlbeck, Tobias"]
[Black "Bender, Andreas"]
[Result "1-0"]
[WhiteElo "2052"]
[BlackElo "1912"]
[PlyCount "67"]
[EventDate "2010.??.??"]
[WhiteTeam "FC Ergolding"]
[BlackTeam "SF 1974 Heinsberg"]

1. d4 Nf6 2. Nf3 g6 3. c4 Bg7 4. Nc3 O-O 5. Bg5 d6 6. e3 c6 7. Be2 Nbd7 8. Qc2
e5 9. dxe5 dxe5 10. O-O Qc7 11. Nd2 a5 12. a3 h6 13. Bh4 Nh7 14. f3 f5 15. Bf2
Nhf6 16. Rad1 Nb6 17. c5 Nbd5 18. Bc4 Kh8 19. Qb3 Be6 20. e4 Nxc3 21. Qxc3 Bxc4
22. Qxc4 f4 23. b4 axb4 24. Qxb4 Rf7 25. Nc4 Ne8 26. Be1 g5 27. Bc3 h5 28. Rd3
g4 29. Rfd1 Bf6 30. Nb6 Ra6 31. Rd7 Rxd7 32. Nxd7 Bg7 33. Qb3 Ra8 34. Qf7 1-0

[Event "SF 1974 Heinsberg-FC Ergolding"]
[Site "Naumburg"]
[Date "2010.12.29"]
[Round "6.2"]
[White "Salzmann, Thomas"]
[Black "Oberpriller, Johannes"]
[Result "1/2-1/2"]
[WhiteElo "1708"]
[BlackElo "1801"]
[PlyCount "87"]
[EventDate "2010.??.??"]
[WhiteTeam "SF 1974 Heinsberg"]
[BlackTeam "FC Ergolding"]

1. e4 c5 2. Nf3 g6 3. d4 cxd4 4. Nxd4 Nc6 5. Nc3 Bg7 6. Be3 Nf6 7. Bc4 O-O 8.
f3 Qb6 9. Qd2 Nxe4 10. fxe4 Bxd4 11. Bxd4 Qxd4 12. Bd3 d6 13. O-O-O Be6 14. h4
h5 15. Qg5 Qe5 16. Qh6 Qg7 17. Qg5 Rac8 18. a3 Rfe8 19. Nd5 Kh7 20. Kb1 Qe5 21.
Qd2 Kg7 22. Ne3 Rh8 23. Rdf1 Nd4 24. Qf2 Rcf8 25. Rhg1 a6 26. c3 Nc6 27. g4
hxg4 28. Nf5+ Kg8 29. Rxg4 Rh5 30. Qg2 Kh8 31. Rg1 Qf6 32. Rg5 Ne5 33. Rxh5+
gxh5 34. Qe2 Bxf5 35. exf5 Ng4 36. Qe4 Qe5 37. Qf3 Rg8 38. Be4 b6 39. Rg2 Nf6
40. Rxg8+ Kxg8 41. Qg2+ Ng4 42. Ka2 Kg7 43. Bc2 d5 44. Qd2 1/2-1/2

[Event "SF 1974 Heinsberg-FC Ergolding"]
[Site "Naumburg"]
[Date "2010.12.29"]
[Round "6.4"]
[White "Bodden, Daniel"]
[Black "Schoepe, Tobias"]
[Result "0-1"]
[WhiteElo "1393"]
[BlackElo "1739"]
[PlyCount "56"]
[EventDate "2010.??.??"]
[WhiteTeam "SF 1974 Heinsberg"]
[BlackTeam "FC Ergolding"]

1. e4 e6 2. d4 d5 3. Nc3 Nf6 4. e5 Nfd7 5. Nf3 a6 6. Be3 c5 7. Be2 Nc6 8. Qd2
Be7 9. O-O O-O 10. dxc5 Ncxe5 11. Nxe5 Nxe5 12. Qd4 Bf6 13. Qd2 Nc6 14. Bf4 Be7
15. Qd3 Bxc5 16. Qg3 Kh8 17. Rad1 Bd7 18. Bd3 Nb4 19. Bc7 Qc8 20. Be2 Nc6 21.
Na4 Nd4 22. Bd3 Bxa4 23. Be5 f6 24. Bxd4 Bxd4 25. Qh4 h6 26. Qxd4 Bb5 27. c4
dxc4 28. Rc1 Rd8 0-1

[Event "SK Ettlingen-Erfurter Schachklub"]
[Site "Naumburg"]
[Date "2010.12.29"]
[Round "6.1"]
[White "Friedt, Marius"]
[Black "Imgrunt, Philipp"]
[Result "1-0"]
[WhiteElo "1775"]
[BlackElo "1550"]
[PlyCount "57"]
[EventDate "2010.??.??"]
[WhiteTeam "Erfurter Schachklub"]
[BlackTeam "SK Ettlingen"]

1. e4 e6 2. d3 d5 3. Nd2 c5 4. Ngf3 Nf6 5. g3 Nc6 6. Bg2 Be7 7. O-O O-O 8. Re1
Re8 9. e5 Nd7 10. Nf1 b5 11. h4 Bb7 12. N1h2 Qc7 13. Bf4 c4 14. d4 a5 15. Ng4
b4 16. Bh3 Qb6 17. c3 Ba6 18. Ng5 Nf8 19. Qf3 Nd8 20. Qe3 Ng6 21. h5 Nxf4 22.
gxf4 h6 23. Nf3 Kh8 24. Kh1 Ra7 25. Rg1 Rg8 26. Nfh2 f5 27. exf6 gxf6 28. f5
exf5 29. Qxh6# 1-0

[Event "LSV Turm Lippstadt-Heilbronner SV"]
[Site "Naumburg"]
[Date "2010.12.29"]
[Round "6.1"]
[White "Wenninger, Philipp"]
[Black "Tran, Duc Cuong"]
[Result "1/2-1/2"]
[WhiteElo "2133"]
[BlackElo "1945"]
[PlyCount "51"]
[EventDate "2010.??.??"]
[WhiteTeam "Heilbronner SV"]
[BlackTeam "LSV Turm Lippstadt"]

1. d4 Nf6 2. c4 g6 3. Nc3 Bg7 4. Nf3 O-O 5. Bg5 h6 6. Bh4 d6 7. e3 Nbd7 8. Be2
c6 9. O-O g5 10. Bg3 Nh5 11. Qc2 Nxg3 12. hxg3 e5 13. dxe5 dxe5 14. Rad1 Qe7
15. Nd2 f5 16. g4 f4 17. exf4 exf4 18. Rfe1 Ne5 19. Nf3 Nxg4 20. Bd3 Qc7 21.
Ne4 Ne5 22. Nxe5 Bxe5 23. Qe2 f3 24. gxf3 Bh2+ 25. Kh1 Qf4 26. Nf6+ 1/2-1/2

[Event "TSV Kareth-Lappersdorf-Naumburger SV 195"]
[Site "Naumburg"]
[Date "2010.12.29"]
[Round "6.1"]
[White "Wendling, Florian"]
[Black "Eichinger, Christoph"]
[Result "1-0"]
[WhiteElo "1971"]
[BlackElo "1918"]
[PlyCount "97"]
[EventDate "2010.??.??"]
[WhiteTeam "Naumburger SV 1951"]
[BlackTeam "TSV Kareth-Lappersdorf"]

1. e4 c5 2. Nf3 Nc6 3. d4 cxd4 4. Nxd4 Nf6 5. Nc3 e5 6. Ndb5 d6 7. Bg5 a6 8.
Na3 b5 9. Nd5 Be7 10. Bxf6 Bxf6 11. c3 Bg5 12. Nc2 O-O 13. h4 Bh6 14. Nce3 Be6
15. Be2 Bxe3 16. Nxe3 Ne7 17. Bf3 Ra7 18. O-O Rd7 19. Bg4 Bxg4 20. Qxg4 d5 21.
Qg3 d4 22. cxd4 exd4 23. Ng4 Kh8 24. Rad1 Nc6 25. Rc1 Qb6 26. Rfd1 Re8 27. Qf3
h6 28. Qf5 Rde7 29. Nf6 g6 30. Qf4 Kg7 31. Nxe8+ Rxe8 32. e5 Re6 33. Qe4 b4 34.
Qd5 a5 35. b3 Ne7 36. Qxd4 Qxd4 37. Rxd4 Rxe5 38. Rdc4 Nf5 39. Rc5 Re2 40. R1c2
Re1+ 41. Kh2 Nxh4 42. Rxa5 h5 43. Rb5 Nf5 44. Rxb4 g5 45. g3 g4 46. a4 Rd1 47.
a5 Nd4 48. Rxd4 Rxd4 49. a6 1-0

[Event "Stader SV-SK Bebenhausen"]
[Site "Naumburg"]
[Date "2010.12.29"]
[Round "6.3"]
[White "Kaulich, Philipp Theodor"]
[Black "Carmesin, Matthias"]
[Result "1/2-1/2"]
[WhiteElo "2020"]
[BlackElo "1927"]
[PlyCount "67"]
[EventDate "2010.??.??"]
[WhiteTeam "SK Bebenhausen"]
[BlackTeam "Stader SV"]

1. e4 c5 2. Nf3 Nc6 3. c3 d5 4. exd5 Qxd5 5. d4 Bg4 6. Be2 cxd4 7. cxd4 Nf6 8.
Nc3 Qa5 9. O-O e6 10. a3 Rd8 11. Be3 Be7 12. h3 Bh5 13. Qb3 Rd7 14. Rfd1 O-O
15. Na4 Bg6 16. Nc5 Nxd4 17. Bxd4 Bxc5 18. Bxc5 Rxd1+ 19. Rxd1 Qxc5 20. Qxb7
Ne4 21. Rf1 Ng3 22. Re1 Be4 23. Qa6 Nxe2+ 24. Qxe2 Bd5 25. Ne5 Rc8 26. Qh5 Rc7
27. Qh4 Qd6 28. Ng4 Rc2 29. Ne3 Rxb2 30. Qd4 Rb8 31. Qxa7 Ra8 32. Qd4 Qxa3 33.
Nxd5 exd5 34. Qxd5 1/2-1/2

[Event "Sabt Frankfurter TV 1860-Empor Berlin"]
[Site "Naumburg"]
[Date "2010.12.29"]
[Round "6.1"]
[White "Moritz, Aron"]
[Black "Medvedovski, Michael"]
[Result "1-0"]
[WhiteElo "2095"]
[BlackElo "1916"]
[PlyCount "97"]
[EventDate "2010.??.??"]
[WhiteTeam "Empor Berlin"]
[BlackTeam "Sabt Frankfurter TV 1860"]

1. e4 c5 2. Nf3 Nc6 3. d4 cxd4 4. Nxd4 e5 5. Nb5 a6 6. Nd6+ Bxd6 7. Qxd6 Qf6 8.
Qc7 Nge7 9. Bd3 d5 10. O-O O-O 11. f4 exf4 12. Qxf4 Qd4+ 13. Qe3 dxe4 14. Bxe4
Be6 15. Na3 Rad8 16. c3 Qxe3+ 17. Bxe3 f5 18. Bc2 Nd5 19. Bg5 Rde8 20. Rfe1 h6
21. Bh4 b5 22. Rad1 b4 23. cxb4 Ndxb4 24. Rxe6 Rxe6 25. Bb3 Rfe8 26. Rd6 Kf7
27. Nb1 g5 28. Be1 Nc2 29. Rxc6 Nxe1 30. Rxa6 Nd3 31. Rxe6 Rxe6 32. Bxe6+ Kxe6
33. b3 Nc1 34. Nc3 Kd6 35. Kf2 Kc5 36. Ke3 Kb4 37. Kd2 f4 38. Kxc1 Kxc3 39. Kd1
g4 40. a4 Kb4 41. Ke2 h5 42. h3 Ka5 43. hxg4 hxg4 44. Kd3 Kb4 45. Ke4 f3 46.
gxf3 g3 47. Ke3 g2 48. Kf2 g1=Q+ 49. Kxg1 1-0

[Event "SF 1974 Heinsberg-FC Ergolding"]
[Site "Naumburg"]
[Date "2010.12.29"]
[Round "6.3"]
[White "Schnurr, Christian"]
[Black "Meyers, Mark"]
[Result "1-0"]
[WhiteElo "1830"]
[BlackElo "1676"]
[PlyCount "83"]
[EventDate "2010.??.??"]
[WhiteTeam "FC Ergolding"]
[BlackTeam "SF 1974 Heinsberg"]

1. e4 c5 2. c3 Nf6 3. e5 Nd5 4. d4 cxd4 5. Nf3 Nc6 6. Bc4 Nb6 7. Bb3 d6 8. exd6
Qxd6 9. cxd4 g6 10. Nc3 Bg7 11. Be3 O-O 12. O-O Bg4 13. h3 Bf5 14. Qe2 Rfd8 15.
Rfd1 Rac8 16. Nb5 Qb8 17. Ng5 Rf8 18. g4 Bd7 19. Qf3 e6 20. Bf4 Ne5 21. dxe5
Bxb5 22. Qe3 Nc4 23. Bxc4 Bxc4 24. Ne4 Rfd8 25. Nf6+ Kh8 26. h4 Be2 27. Re1 Rc2
28. h5 Rd3 29. Qe4 Rh3 30. Rxe2 Rxe2 31. Qxe2 Bxf6 32. Kg2 Rh4 33. Bg3 Bg5 34.
Bxh4 Bxh4 35. hxg6 hxg6 36. Rh1 Qd8 37. Qf3 b5 38. Qf6+ Qxf6 39. exf6 g5 40.
Rc1 Kh7 41. Rc7 Kg6 42. Rxa7 1-0